Солтыс (Запись № 13740627)
[ простой вид ]
| 000 -МАРКЕР | |
|---|---|
| контрольное поле | 00976nam0a2200265 4500 |
| 001 - ИДЕНТИФИКАТОР ЗАПИСИ | |
| контрольное поле | RU\NLR\BIBL_A\012514614 |
| 005 - ИДЕНТИФИКАТОР ВЕРСИИ | |
| контрольное поле | 20260628185033.0 |
| 010 ## - МЕЖДУНАРОДНЫЙ СТАНДАРТНЫЙ НОМЕР КНИГИ (ISBN) | |
| Тираж | 7000 |
| 035 ## - ДРУГИЕ СИСТЕМНЫЕ НОМЕРА | |
| Идентификатор записи | (NLR Aleph) 012514614 |
| 100 ## - ДАННЫЕ ОБЩЕЙ ОБРАБОТКИ | |
| Данные общей обработки | 20210507d1975 a y0rusy50 ca |
| 101 0# - ЯЗЫК РЕСУРСА | |
| Язык текста, звукозаписи и т.д. | молдавский |
| 102 ## - СТРАНА ПУБЛИКАЦИИ ИЛИ ПРОИЗВОДСТВА | |
| Страна публикации | Молдова |
| 105 ## - ПОЛЕ КОДИРОВАННЫХ ДАННЫХ: ТЕКСТОВЫЕ МАТЕРИАЛЫ, МОНОГРАФИЧЕСКИЕ | |
| Кодированные данные о монографическом текстовом документе | a z 000gy |
| 200 1# - ЗАГЛАВИЕ И СВЕДЕНИЯ ОБ ОТВЕТСТВЕННОСТИ | |
| Основное заглавие | Солтыс |
| Сведения, относящиеся к заглавию | поем ероик |
| -- | [пентру шкоала медие] |
| Первые сведения об ответственности | Петру Дудник |
| Последующие сведения об ответственности | пиктор С. Солонарь |
| 210 ## - ПУБЛИКАЦИЯ, РАСПРОСТРАНЕНИЕ И ДР. | |
| Место издания, распространения и т.д. | Кишинэу |
| Имя издателя, распространителя и т. д. | Лумина |
| Дата издания, распространения и т.д. | 1975 |
| 215 ## - ФИЗИЧЕСКАЯ ХАРАКТЕРИСТИКА | |
| Специфическое обозначение материала и объем | 61,[2] п. |
| Другие сведения о физической характеристике | ил. |
| Размеры | 18 |
| 686 1# - ИНДЕКСЫ ДРУГИХ КЛАССИФИКАЦИЙ | |
| Индекс | Ш9(2)6=Мол-5 |
| 700 #1 - ИМЯ ЛИЦА - ПЕРВИЧНАЯ ОТВЕТСТВЕННОСТЬ | |
| Начальный элемент ввода | Дудник |
| Часть имени, кроме начального элемента ввода | П. М. |
| Даты | 1941-1984 |
| Расширение инициалов личного имени | Петру Маркович |
| Код отношения | Автор |
| 702 #1 - ИМЯ ЛИЦА - ВТОРИЧНАЯ ОТВЕТСТВЕННОСТЬ | |
| Начальный элемент ввода | Солонарь |
| Часть имени, кроме начального элемента ввода | С. Ф. |
| Даты | 1939- |
| Расширение инициалов личного имени | Семен Федорович |
| Код отношения | Иллюстратор |
| 702 #1 - ИМЯ ЛИЦА - ВТОРИЧНАЯ ОТВЕТСТВЕННОСТЬ | |
| Начальный элемент ввода | Солтыс |
| Часть имени, кроме начального элемента ввода | И. С. |
| Даты | 1923-1945 |
| Расширение инициалов личного имени | Ион Сидорович |
| Код отношения | Прочие |
| 852 ## - МЕСТОНАХОЖДЕНИЕ И ШИФР ХРАНЕНИЯ | |
| Идентификатор организации | NLR |
| Наименование фонда или коллекции (Sub-Location Identifier) | ОНЛ |
| Шифр хранения (Call Number) | Молд./2-6650 |
| 942 ## - ДОПОЛНИТЕЛЬНЫЕ ЭЛЕМЕНТЫ ЗАПИСИ (АБИС) | |
| Тип экземпляра АБИС | Книга |
| 980 ## - КОЛЛЕКЦИЯ | |
| Название коллекции | Национальная библиография |
Нет доступных экземпляров.